| 000 | 00000nam##2200000za#4500 |
| 001 | 9.642230 |
| 003 | CaOODSP |
| 005 | 20210624223611 |
| 007 | cr ||||||||||| |
| 008 | 150407|1973||||xxc|||||o f|0| 0 fre|d |
| 040 | |aCaOODSP|bfre |
| 043 | |an-cn--- |
| 086 | 1 |aA53-1390/1973F-PDF |
| 110 | 1 |aCanada.|bAgriculture Canada. |bDirection générale de recherche. |
| 245 | 10|aÉquipement pour l'élevage des bovins de boucherie / |h[ressource électronique]|c[par] William A. Hubbard, Station de recherches, Kamloops, Colombie-Britannique. |
| 260 | |aOttawa - Ontario : |bAgriculture Canada. |c1973. |
| 300 | |a44p.|bfigures, tableaux, photographies |
| 500 | |aPublication historique numérisée par Agriculture et Agroalimentaire Canada. |
| 590 | |a13-17-Supp|b2013-07-25 |
| 691 | 07|aConstruction|2gcpds |
| 691 | 07|aÉlevage|2gcpds |
| 691 | 07|aExploitation agricole|2gcpds |
| 691 | 07|aTechnologie agricole|2gcpds |
| 775 | 08|tFarm and ranch equipment for beef cattle / |w(CaOODSP)9.697708 |
| 856 | 40|ahttp://publications.gc.ca|qPDF|s2.92 Mo|uhttps://publications.gc.ca/collections/collection_2013/aac-aafc/agrhist/A53-1390-1973-fra.pdf |
| 986 | |a1390 |